[Event "Aragon-chT Preferente"]
[Site "Spain"]
[Date "2010.04.11"]
[Round "12.11"]
[White "Gonzalvo Lara, Victor"]
[Black "Garcia Mendez, Beatriz"]
[Result "1-0"]
[WhiteElo "2099"]
[BlackElo "1861"]
[PlyCount "71"]
[EventDate "2010.01.23"]
[EventType "team-swiss"]
[EventRounds "12"]
[EventCountry "ESP"]
[SourceTitle "EXT 2013"]
[Source "ChessBase"]
[SourceDate "2012.11.22"]
[SourceVersion "1"]
[SourceVersionDate "2012.11.22"]
[SourceQuality "1"]
[WhiteTeam "St Casablanca III"]
[BlackTeam "Marcos Frechin"]
[WhiteTeamCountry "ESP"]
[BlackTeamCountry "ESP"]

1. e4 g6 2. d4 Bg7 3. Nc3 c6 4. Be3 d5 5. e5 h5 6. Bd3 Nh6 7. Qd2 Nf5 8. Bxf5 Bxf5 9. Nf3 Na6 10. Nh4 Bd7 11. 0-0-0 Qa5 12. f4 e6 13. Kb1 c5 14. dxc5 Nxc5 15. Bxc5 Qxc5 16. Ne4 Qe7 17. Nd6+ Kf8 18. Nf3 Bh6 19. Nxb7 Kg7 20. Nd6 Rhb8 21. h3 f6 22. Qd4 f5 23. Rhg1 Kh7 24. g4 hxg4 25. hxg4 Rb6 26. Rh1 fxg4 27. Ng5+ Kg7 28. Rxh6 Kxh6 29. Rh1+ Kg7 30. Rh7+ Kf8 31. Rh8+ Kg7 32. Rxa8 Bc6 33. Nc8 Qb4 34. Rxa7+ Kf8 35. Nxe6+ Ke8 36. Nd6+ 1-0

[Event "Aragon-chT Preferente"]
[Site "Spain"]
[Date "2010.03.06"]
[Round "7.47"]
[White "Gonzalvo Lara, Victor"]
[Black "Martin Catalan, Juan Vicente"]
[Result "1-0"]
[WhiteElo "2099"]
[BlackElo "2107"]
[PlyCount "131"]
[EventDate "2010.01.23"]
[EventType "team-swiss"]
[EventRounds "12"]
[EventCountry "ESP"]
[SourceTitle "EXT 2013"]
[Source "ChessBase"]
[SourceDate "2012.11.22"]
[SourceVersion "1"]
[SourceVersionDate "2012.11.22"]
[SourceQuality "1"]
[WhiteTeam "St Casablanca III"]
[BlackTeam "Teruel"]
[WhiteTeamCountry "ESP"]
[BlackTeamCountry "ESP"]

1. e4 c5 2. Nf3 Nc6 3. Bb5 g6 4. Bxc6 dxc6 5. d3 Bg7 6. 0-0 e5 7. Be3 Qe7 8. Qd2 Nf6 9. Qc3 Nd7 10. a4 a5 11. Nbd2 b6 12. Nc4 Ba6 13. Nxb6 Nxb6 14. Bxc5 Qc7 15. Qxa5 Nd5 16. Qxc7 Nxc7 17. Bd6 Ne6 18. Bxe5 f6 19. Bc3 Kf7 20. Nd4 Rac8 21. Nxe6 Kxe6 22. f4 Rhd8 23. Rae1 Rd7 24. f5+ Ke7 25. e5 fxe5 26. Bxe5 Bxe5 27. Rxe5+ Kd6 28. Re6+ Kd5 29. b4 gxf5 30. Rf6 Rb7 31. Rf4 Re7 32. c4+ Ke5 33. R6xf5+ Kd6 34. Rf6+ Kc7 35. b5 Bb7 36. Rf7 Rd7 37. Rxd7+ Kxd7 38. Rh4 Rh8 39. Rh6 c5 40. a5 Kd8 41. a6 Ba8 42. b6 Kc8 43. b7+ Bxb7 44. axb7+ Kxb7 45. Kf2 Rf8+ 46. Ke3 Re8+ 47. Kf4 Re7 48. g4 Kc7 49. g5 Kd7 50. h4 Ke8 51. Rc6 Rd7 52. Ke4 Rd4+ 53. Ke3 Rxh4 54. Rxc5 h6 55. gxh6 Rxh6 56. Rc7 Kd8 57. Rg7 Rh4 58. Kd2 Kc8 59. Kc3 Rh3 60. c5 Rh4 61. d4 Rh1 62. Kc4 Rh2 63. d5 Rh5 64. c6 Rh1 65. Kc5 Rh2 66. Rg8+ 1-0

[Event "Aragon-chT"]
[Site "Aragon"]
[Date "2009.01.24"]
[Round "1"]
[White "Gonzalvo Lara, Victor"]
[Black "Guzman Moneo, Alberto"]
[Result "1/2-1/2"]
[WhiteElo "2108"]
[BlackElo "2231"]
[PlyCount "47"]
[EventDate "2009.01.24"]
[EventType "team-swiss"]
[EventRounds "9"]
[EventCountry "ESP"]
[SourceTitle "EXT 2011"]
[Source "ChessBase"]
[SourceDate "2010.11.26"]
[SourceVersion "1"]
[SourceVersionDate "2010.11.26"]
[SourceQuality "1"]

1. e4 e6 2. d3 c5 3. Nf3 Nc6 4. g3 d5 5. Nbd2 Nf6 6. Bg2 g6 7. 0-0 Bg7 8. exd5 Nxd5 9. Ne4 b6 10. Bg5 f6 11. Bd2 0-0 12. Qc1 e5 13. Bh6 Be6 14. Bxg7 Kxg7 15. Re1 Qd7 16. a4 Ndb4 17. a5 Rac8 18. axb6 axb6 19. Qd2 Rc7 20. Rad1 h6 21. c3 Bb3 22. cxb4 Bxd1 23. Rxd1 Nxb4 24. Qc3 1/2-1/2

[Event "Aragon-chT Autonomico"]
[Site "Aragon"]
[Date "2007.03.24"]
[Round "9"]
[White "Gonzalvo Lara, Victor"]
[Black "Lasanta Rica, Cesar"]
[Result "1/2-1/2"]
[WhiteElo "2156"]
[BlackElo "2300"]
[PlyCount "34"]
[EventDate "2007.01.27"]
[EventType "team"]
[EventRounds "9"]
[EventCountry "ESP"]
[SourceTitle "EXT 2008"]
[Source "ChessBase"]
[SourceDate "2007.11.25"]
[SourceVersion "1"]
[SourceVersionDate "2007.11.25"]
[SourceQuality "1"]
[WhiteTeam "St Casablanca"]
[BlackTeam "IberCaja"]
[WhiteTeamCountry "ESP"]
[BlackTeamCountry "ESP"]

1. e4 c5 2. Nf3 e6 3. d4 cxd4 4. Nxd4 a6 5. Nc3 b5 6. g3 Bb7 7. Bg2 Nf6 8. 0-0 b4 9. Na4 Bxe4 10. Bxe4 Nxe4 11. Re1 d5 12. Nxe6 fxe6 13. Qh5+ g6 14. Qe5 Qf6 15. Rxe4 Qxe5 16. Rxe5 Kf7 17. Re3 Nd7 1/2-1/2

[Event "ESP Autonomico-chT"]
[Site "Spain"]
[Date "2006.03.25"]
[Round "8.41"]
[White "Gonzalvo Lara, Victor"]
[Black "Malo Guillen, Jose Luis"]
[Result "0-1"]
[WhiteElo "2174"]
[BlackElo "2210"]
[PlyCount "64"]
[EventDate "2006.02.04"]
[EventType "team"]
[EventRounds "9"]
[EventCountry "ESP"]
[SourceTitle "EXT 2007"]
[Source "ChessBase"]
[SourceDate "2006.11.23"]
[SourceVersion "1"]
[SourceVersionDate "2006.11.23"]
[SourceQuality "1"]

1. e4 e6 2. d3 d5 3. Nd2 c5 4. Ngf3 Nc6 5. g3 g6 6. Bg2 Bg7 7. 0-0 Nge7 8. Nh4 0-0 9. Kh1 Rb8 10. f4 b5 11. Ndf3 b4 12. e5 a5 13. Be3 d4 14. Bg1 f5 15. exf6 Bxf6 16. Qe2 Nd5 17. Bf2 Re8 18. Rae1 Rb7 19. Kg1 Rbe7 20. Ne5 Nxe5 21. fxe5 Bxh4 22. gxh4 Nf4 23. Qg4 Nxg2 24. Kxg2 Bb7+ 25. Kh3 Rf7 26. Bg1 Ref8 27. Rxf7 Rxf7 28. Re4 Bxe4 29. dxe4 d3 30. cxd3 Qxd3+ 31. Kg2 h5 32. Qg3 Qxe4+ 0-1

[Event "ESP Autonomico-chT"]
[Site "Spain"]
[Date "2006.03.04"]
[Round "5.41"]
[White "Guzman Moneo, Alberto"]
[Black "Gonzalvo Lara, Victor"]
[Result "1-0"]
[WhiteElo "2227"]
[BlackElo "2174"]
[PlyCount "123"]
[EventDate "2006.02.04"]
[EventType "team"]
[EventRounds "9"]
[EventCountry "ESP"]
[SourceTitle "EXT 2007"]
[Source "ChessBase"]
[SourceDate "2006.11.23"]
[SourceVersion "1"]
[SourceVersionDate "2006.11.23"]
[SourceQuality "1"]

1. e4 c5 2. Nc3 d6 3. f4 Nc6 4. Nf3 g6 5. Bc4 Bg7 6. 0-0 e6 7. f5 gxf5 8. d3 Nge7 9. Qe1 0-0 10. Qh4 f6 11. Bh6 fxe4 12. dxe4 Ne5 13. Nxe5 dxe5 14. Qg4 Ng6 15. Bxe6+ Bxe6 16. Qxe6+ Kh8 17. Be3 Qc8 18. Qf5 Ne7 19. Qh5 f5 20. Bg5 Ng6 21. Rf3 Nf4 22. Qh4 Ng6 23. Qh3 Nf4 24. Qh4 Ng6 25. Qf2 f4 26. Nd5 Qg4 27. Be7 Nxe7 28. Nxe7 b6 29. c4 Rad8 30. Nd5 Rd6 31. Rh3 Rg6 32. Qf3 Qxf3 33. Rxf3 Bf6 34. Rd1 Bd8 35. Rd2 Rfg8 36. Rh3 Rg4 37. Nc3 Bf6 38. Kf1 R4g5 39. Rd7 R5g7 40. Rxg7 Rxg7 41. Rd3 Rg8 42. Rd6 Bh4 43. Rh6 Bd8 44. Re6 Rg5 45. Rd6 Bc7 46. Rc6 Rg7 47. Nd5 Bd8 48. Rc8 Rd7 49. Rc6 Kg7 50. Re6 Bc7 51. Ke2 Bb8 52. Kf3 Kf7 53. Rf6+ Kg7 54. Rc6 Bd6 55. Kg4 Bb8 56. Rc8 Bd6 57. Kf5 Kf7 58. Rh8 Kg7 59. Rxh7+ Kxh7 60. Nf6+ Kg7 61. Nxd7 a6 62. Nxb6 1-0

[Event "Aragon-chT"]
[Site "Spain"]
[Date "2004.02.28"]
[Round "5"]
[White "Gil Pineiro, David"]
[Black "Gonzalvo Lara, Victor"]
[Result "0-1"]
[WhiteElo "1953"]
[BlackElo "2165"]
[PlyCount "106"]
[EventDate "2004.01.??"]
[EventType "team"]
[EventRounds "11"]
[EventCountry "ESP"]
[SourceTitle "EXT 2006"]
[Source "ChessBase"]
[SourceDate "2005.11.24"]
[SourceVersion "1"]
[SourceVersionDate "2005.11.24"]
[SourceQuality "1"]

1. d4 d5 2. c4 dxc4 3. Nf3 Nf6 4. e3 e6 5. Bxc4 c5 6. 0-0 Nc6 7. Qe2 cxd4 8. Rd1 Be7 9. exd4 Na5 10. Bb5+ Bd7 11. Ne5 Bc6 12. Nc3 0-0 13. Bd3 Nd5 14. Ne4 Nb4 15. Bb1 Qd5 16. Nxc6 Qxc6 17. Qh5 f5 18. Bg5 Bxg5 19. Nxg5 h6 20. Nf3 Qe8 21. Qh4 Qd8 22. Qh5 Qf6 23. Ne5 Rfd8 24. Qe2 Nac6 25. Nf3 g5 26. h3 Nd5 27. Bc2 Nf4 28. Qb5 Rab8 29. Bb3 Kg7 30. d5 a6 31. Qc5 exd5 32. Bxd5 Nxd5 33. Rxd5 Rxd5 34. Qxd5 Rd8 35. Qb3 Rd7 36. Re1 Nd4 37. Nxd4 Qxd4 38. Re8 Qd1+ 39. Qxd1 Rxd1+ 40. Kh2 b5 41. Re2 Kf6 42. g4 Rd4 43. Kg3 f4+ 44. Kg2 Rd6 45. Kf3 Rd3+ 46. Ke4 Rxh3 47. Kd5 Rd3+ 48. Kc6 f3 49. Rc2 Ke5 50. a4 bxa4 51. Kb6 Rd4 52. Rc6 Kf4 53. Rxh6 Rb4+ 0-1

[Event "Las Palmas op 24th"]
[Site "Las Palmas"]
[Date "2003.08.29"]
[Round "7.8"]
[White "Gonzalvo Lara, Victor"]
[Black "Lu Lee, Nicolas"]
[Result "1-0"]
[WhiteElo "2183"]
[BlackElo "1940"]
[PlyCount "71"]
[EventDate "2003.08.25"]
[EventType "swiss"]
[EventRounds "9"]
[EventCountry "ESP"]
[SourceTitle "EXT 2004"]
[Source "ChessBase"]
[SourceDate "2003.11.25"]
[SourceVersion "1"]
[SourceVersionDate "2003.11.25"]
[SourceQuality "1"]

1. e4 d6 2. d4 Nf6 3. Nc3 g6 4. f3 c6 5. Be3 Bg7 6. Qd2 0-0 7. 0-0-0 b5 8. g4 h5 9. g5 Nfd7 10. f4 b4 11. Nce2 a5 12. f5 Nb6 13. Nf4 Kh7 14. Bd3 Ba6 15. fxg6+ fxg6 16. Ne6 Qd7 17. Nxf8+ Bxf8 18. Ne2 Nc4 19. Bxc4 Bxc4 20. b3 Bg8 21. Nf4 Na6 22. Qd3 Be6 23. Nxe6 Qxe6 24. d5 Qd7 25. dxc6 Qxc6 26. Qd5 Qe8 27. Rhf1 Bg7 28. Bd4 Nc7 29. Qf7 e5 30. Qxe8 Nxe8 31. Be3 Kg8 32. Rd5 Ra6 33. Rb5 Nc7 34. Rb8+ Kh7 35. Rf7 Ne6 36. Re7 1-0

[Event "Las Palmas op 24th"]
[Site "Las Palmas"]
[Date "2003.08.26"]
[Round "2.4"]
[White "Vioreanu, Bogdan Gabriel"]
[Black "Gonzalvo Lara, Victor"]
[Result "1-0"]
[WhiteElo "2395"]
[BlackElo "2183"]
[PlyCount "91"]
[EventDate "2003.08.25"]
[EventType "swiss"]
[EventRounds "9"]
[EventCountry "ESP"]
[SourceTitle "EXT 2004"]
[Source "ChessBase"]
[SourceDate "2003.11.25"]
[SourceVersion "1"]
[SourceVersionDate "2003.11.25"]
[SourceQuality "1"]

1. d4 d5 2. c4 dxc4 3. Nf3 Nf6 4. e3 e6 5. Bxc4 c5 6. 0-0 Nc6 7. Qe2 cxd4 8. Rd1 Be7 9. exd4 Na5 10. Bb5+ Bd7 11. Ne5 Bc6 12. Nc3 0-0 13. Nxc6 Nxc6 14. Be3 Nb4 15. Bf4 Nbd5 16. Be5 Rc8 17. Rac1 Qa5 18. Nxd5 Nxd5 19. a3 Qb6 20. Bc4 Bg5 21. Rc2 Rc6 22. Bd3 Bh6 23. h4 Rfc8 24. Rxc6 Rxc6 25. Be4 Qd8 26. Qh5 f6 27. Bg3 Rc8 28. Qe2 f5 29. Bd3 Rc6 30. Bc4 a6 31. Re1 b5 32. Bb3 g6 33. h5 g5 34. Be5 Kf7 35. g4 f4 36. Qe4 Kg8 37. Re2 Qd7 38. Rc2 Rxc2 39. Qxc2 Bg7 40. Qe4 Bxe5 41. Qxe5 Qc6 42. Qxg5+ Kh8 43. h6 Qc1+ 44. Kh2 Qc7 45. Bxd5 exd5 46. Qxd5 1-0

[Event "Aragon-chT"]
[Site "Aragon"]
[Date "2003.02.22"]
[Round "5"]
[White "Gonzalvo Lara, Victor"]
[Black "Sarto Ramos, Angel"]
[Result "0-1"]
[WhiteElo "2184"]
[BlackElo "2091"]
[PlyCount "101"]
[EventDate "2003.02.??"]
[EventType "team"]
[EventRounds "9"]
[EventCountry "ESP"]
[SourceTitle "EXT 2004"]
[Source "ChessBase"]
[SourceDate "2003.11.25"]
[SourceVersion "1"]
[SourceVersionDate "2003.11.25"]
[SourceQuality "1"]

1. e4 e5 2. Nf3 Qe7 3. Nc3 c6 4. Bc4 d6 5. h3 Nd7 6. 0-0 h6 7. d4 g5 8. a4 Nb6 9. Be2 g4 10. hxg4 Bxg4 11. dxe5 dxe5 12. a5 Nd7 13. Be3 Bxf3 14. Bxf3 Ngf6 15. Qd2 h5 16. Rfd1 Ng4 17. Ne2 Nxe3 18. Qxe3 h4 19. Bg4 Nc5 20. a6 b6 21. b4 Ne6 22. b5 Bh6 23. Qc3 c5 24. Qxe5 Bg7 25. Qd5 0-0 26. Rab1 Nd4 27. Nxd4 Bxd4 28. Qh5 Kg7 29. Bf5 Rh8 30. Qg4+ Kh6 31. Qf3 Qg5 32. c3 Be5 33. Rd5 Qf6 34. Rbd1 Rad8 35. c4 Rxd5 36. exd5 Kg5 37. Qg4+ Kh6 38. Re1 Rg8 39. Qxg8 Qxf5 40. Qe8 Bd4 41. Qe2 Qf4 42. Rd1 Kg7 43. Qf3 Qd6 44. Qg4+ Kf8 45. Qxh4 Qg6 46. Qf4 Qc2 47. Qh6+ Bg7 48. Qd6+ Kg8 49. Re1 Qd3 50. Re8+ Kh7 51. Qg3 0-1

[Event "Aragon-chT"]
[Site "Aragon"]
[Date "2003.01.25"]
[Round "1"]
[White "Javierre Conesa, Alfonso"]
[Black "Gonzalvo Lara, Victor"]
[Result "1/2-1/2"]
[WhiteElo "2135"]
[BlackElo "2184"]
[PlyCount "73"]
[EventDate "2003.02.??"]
[EventType "team"]
[EventRounds "9"]
[EventCountry "ESP"]
[SourceTitle "EXT 2004"]
[Source "ChessBase"]
[SourceDate "2003.11.25"]
[SourceVersion "1"]
[SourceVersionDate "2003.11.25"]
[SourceQuality "1"]

1. d4 d5 2. Nf3 Nf6 3. c4 dxc4 4. e3 e6 5. Bxc4 c5 6. 0-0 Nc6 7. dxc5 Qxd1 8. Rxd1 Bxc5 9. a3 Ke7 10. b4 Bd6 11. Bb2 a6 12. Nc3 b5 13. Bb3 Bb7 14. Rac1 Rac8 15. Kf1 Rhd8 16. Ke2 Bb8 17. Rxd8 Rxd8 18. Rd1 Rxd1 19. Kxd1 h6 20. h3 Kd7 21. Bc2 Ne5 22. Nxe5+ Bxe5 23. g3 Bf3+ 24. Kc1 Kd6 25. Bd3 Bg2 26. f4 Bxc3 27. Bxc3 Nd5 28. Be5+ Kc6 29. e4 Nf6 30. Bxf6 gxf6 31. h4 Bh3 32. Kd2 f5 33. Ke3 f6 34. Kd4 Kd6 35. exf5 Bxf5 36. Bxf5 exf5 37. h5 1/2-1/2

[Event "Aragon op"]
[Site "Aragon"]
[Date "2002.??.??"]
[Round "?"]
[White "Gonzalvo Lara, Victor"]
[Black "Trigo Conde, Isaac"]
[Result "1-0"]
[WhiteElo "2184"]
[BlackElo "2174"]
[PlyCount "91"]
[EventDate "2002.??.??"]
[EventType "swiss"]
[EventRounds "9"]
[EventCountry "ESP"]
[SourceTitle "EXT 2007"]
[Source "ChessBase"]
[SourceDate "2006.11.23"]
[SourceVersion "1"]
[SourceVersionDate "2006.11.23"]
[SourceQuality "1"]

1. e4 c5 2. Nf3 d6 3. d4 Nf6 4. Nc3 cxd4 5. Nxd4 a6 6. f3 e5 7. Nb3 Be7 8. Bg5 Be6 9. Qd2 Nbd7 10. 0-0-0 b5 11. Be3 Nb6 12. Qf2 Nfd7 13. f4 Qc7 14. Kb1 0-0 15. f5 Bc4 16. g4 b4 17. Ne2 a5 18. g5 a4 19. Nbc1 Rfc8 20. Ng3 b3 21. cxb3 axb3 22. f6 Bd8 23. fxg7 Be6 24. Bd3 Nc4 25. Bxc4 Bxc4 26. Nf5 Be6 27. Rdf1 Nc5 28. Bxc5 bxa2+ 29. Ka1 dxc5 30. Rhg1 c4 31. Ne2 c3 32. Nxc3 Qc6 33. Qe3 Bxf5 34. Rxf5 Bb6 35. Qe1 Bxg1 36. Qxg1 Qc5 37. Qf1 Ra7 38. h4 Kxg7 39. h5 Qe3 40. Rf3 Qxg5 41. Qe1 Qxh5 42. Qg1+ Kh8 43. Rf5 Qh3 44. Qxa7 Qh1+ 45. Kxa2 Qg2 46. Qa6 1-0

[Event "Aragon op"]
[Site "Aragon"]
[Date "2002.??.??"]
[Round "?"]
[White "Llorente Zaro, Alfonso"]
[Black "Gonzalvo Lara, Victor"]
[Result "1/2-1/2"]
[WhiteElo "2210"]
[BlackElo "2184"]
[PlyCount "126"]
[EventDate "2002.??.??"]
[EventType "swiss"]
[EventRounds "9"]
[EventCountry "ESP"]
[SourceTitle "EXT 2007"]
[Source "ChessBase"]
[SourceDate "2006.11.23"]
[SourceVersion "1"]
[SourceVersionDate "2006.11.23"]
[SourceQuality "1"]

1. e4 c5 2. Nf3 d6 3. Bb5+ Bd7 4. Bxd7+ Nxd7 5. c4 Ngf6 6. Nc3 g6 7. d4 cxd4 8. Nxd4 Bg7 9. f3 Rc8 10. b3 a6 11. a4 a5 12. Be3 Nc5 13. 0-0 0-0 14. Rb1 Nfd7 15. Qd2 Re8 16. Rfd1 Ne5 17. Ndb5 Kh8 18. Qe2 f5 19. Bg5 Nf7 20. Bh4 fxe4 21. Nxe4 Qd7 22. Bf2 Nxe4 23. Qxe4 Rc6 24. c5 Rd8 25. Qd5 e6 26. Qd2 d5 27. Qxa5 e5 28. Nc3 d4 29. Ne4 Rdc8 30. Qd2 Bf8 31. b4 Qe7 32. Qe1 R6c7 33. Nd2 Ra8 34. a5 Bg7 35. Nc4 Rd8 36. Rbc1 Re8 37. Bh4 g5 38. Bf2 Qe6 39. Qe4 h5 40. Re1 Rce7 41. Qe2 g4 42. Bh4 Rc7 43. Nd2 Bh6 44. Rcd1 Ng5 45. fxg4 hxg4 46. Ne4 Nxe4 47. Qxe4 Be3+ 48. Bf2 Bxf2+ 49. Kxf2 Rh7 50. Rxd4 Rxh2 51. Rd6 Qf7+ 52. Ke2 g3 53. Rf1 Qa2+ 54. Rd2 Qe6 55. b5 Qb3 56. b6 Qb5+ 57. Ke1 Qxc5 58. Qf3 Rg8 59. Qf6+ Rg7 60. Rd8+ Kh7 61. Qf5+ Rg6 62. Qf7+ Rg7 63. Qf5+ Rg6 1/2-1/2

[Event "ESP-ch U18"]
[Site "Oropesa del Mar"]
[Date "2001.07.05"]
[Round "7.8"]
[White "Lopez del Alamo, Alberto"]
[Black "Gonzalvo Lara, Victor"]
[Result "1-0"]
[WhiteElo "2158"]
[BlackElo "2053"]
[PlyCount "57"]
[EventDate "2001.07.01"]
[EventType "swiss"]
[EventRounds "8"]
[EventCountry "ESP"]
[SourceTitle "EXT 2002"]
[Source "ChessBase"]
[SourceDate "2001.11.25"]
[SourceVersion "1"]
[SourceVersionDate "2001.11.25"]
[SourceQuality "1"]

1. e4 c5 2. Nf3 d6 3. d4 cxd4 4. Nxd4 Nf6 5. Nc3 a6 6. Be2 e6 7. 0-0 Qc7 8. f4 b5 9. a3 Bb7 10. Bf3 Nbd7 11. Kh1 h5 12. Qe2 Rc8 13. Be3 Be7 14. Rad1 h4 15. h3 Nb6 16. Bc1 Nc4 17. Rd3 g6 18. Re1 Nh5 19. Bxh5 gxh5 20. f5 e5 21. Nf3 Nb6 22. Qf2 Rd8 23. Red1 Qc4 24. Qxb6 Bxe4 25. Nxe4 Qxe4 26. f6 Bxf6 27. Rxd6 Rc8 28. Rxf6 Qxc2 29. Qd6 1-0

[Event "ESP-ch U18"]
[Site "Oropesa del Mar"]
[Date "2001.07.02"]
[Round "3.11"]
[White "Rodriguez Guerrero, Enrique"]
[Black "Gonzalvo Lara, Victor"]
[Result "0-1"]
[WhiteElo "2295"]
[BlackElo "2053"]
[PlyCount "48"]
[EventDate "2001.07.01"]
[EventType "swiss"]
[EventRounds "8"]
[EventCountry "ESP"]
[SourceTitle "EXT 2002"]
[Source "ChessBase"]
[SourceDate "2001.11.25"]
[SourceVersion "1"]
[SourceVersionDate "2001.11.25"]
[SourceQuality "1"]

1. e4 c5 2. Nf3 d6 3. d4 cxd4 4. Nxd4 Nf6 5. Nc3 a6 6. f3 e6 7. Be3 b5 8. Qd2 Nbd7 9. g4 Nb6 10. 0-0-0 Bb7 11. Qf2 Nfd7 12. Bd3 Rc8 13. Nce2 d5 14. Kb1 Nc5 15. Ng3 Nca4 16. Bc1 Bc5 17. e5 Nc4 18. f4 Qa5 19. Nge2 Ncxb2 20. Nb3 Nxd1 21. Qxc5 Nac3+ 22. Nxc3 Nxc3+ 23. Qxc3 Qxc3 24. Bd2 Qc7 0-1

[Event "ESP-ch U18"]
[Site "Oropesa del Mar"]
[Date "2001.07.02"]
[Round "2.12"]
[White "San Martin, Ramos Luis"]
[Black "Gonzalvo Lara, Victor"]
[Result "1-0"]
[WhiteElo "2186"]
[BlackElo "2053"]
[PlyCount "91"]
[EventDate "2001.07.01"]
[EventType "swiss"]
[EventRounds "8"]
[EventCountry "ESP"]
[SourceTitle "EXT 2002"]
[Source "ChessBase"]
[SourceDate "2001.11.25"]
[SourceVersion "1"]
[SourceVersionDate "2001.11.25"]
[SourceQuality "1"]

1. e4 c5 2. d4 cxd4 3. c3 dxc3 4. Nxc3 Nc6 5. Bc4 e6 6. Nf3 d6 7. 0-0 Be7 8. Qe2 Nf6 9. Rd1 e5 10. h3 0-0 11. Be3 Be6 12. Bxe6 fxe6 13. Rac1 Rc8 14. b4 a6 15. b5 Nb8 16. Nxe5 Qa5 17. Nc4 Qb4 18. Rd4 Qc5 19. Na5 Qc7 20. Nd5 Qxc1+ 21. Bxc1 Rxc1+ 22. Kh2 exd5 23. exd5 Re8 24. Qe6+ Kh8 25. b6 Bf8 26. Qf5 Re5 27. Qf3 Nbd7 28. Nxb7 Nxb6 29. g4 Nbxd5 30. Nd8 Kg8 31. Qb3 Be7 32. Qb8 Nd7 33. Qb7 Rc7 34. Qb3 N7b6 35. a4 Bxd8 36. a5 Rc3 37. Qb2 Nc4 38. Qb8 Re8 39. Rxd5 Rc2 40. Rf5 Ne3 41. Qb3+ d5 42. Rxd5 Bc7+ 43. Kg1 Rc1+ 44. Rd1+ Rc4 45. fxe3 Ree4 46. Rd4 1-0

[Event "ESP-ch U18"]
[Site "Oropesa del Mar"]
[Date "2000.07.05"]
[Round "5"]
[White "Ducros Salva, Antonio"]
[Black "Gonzalvo Lara, Victor"]
[Result "1-0"]
[WhiteElo "2258"]
[BlackElo "2068"]
[PlyCount "113"]
[EventDate "2000.07.02"]
[EventType "swiss"]
[EventRounds "7"]
[EventCountry "ESP"]
[SourceTitle "EXT 2001"]
[Source "ChessBase"]
[SourceDate "2000.11.22"]
[SourceVersion "1"]
[SourceVersionDate "2000.11.22"]
[SourceQuality "1"]

1. e4 c5 2. Nf3 Nc6 3. g3 g6 4. d4 cxd4 5. Nxd4 Bg7 6. Ne2 d6 7. Nbc3 Nf6 8. Bg2 0-0 9. 0-0 Bg4 10. f3 Bd7 11. Be3 Ne5 12. b3 Qc7 13. a4 Rfc8 14. Rc1 h5 15. h3 Qa5 16. f4 Nc6 17. Nd5 Nxd5 18. exd5 Nb8 19. c4 Na6 20. Nd4 Nc5 21. g4 hxg4 22. hxg4 Rf8 23. f5 g5 24. Rf3 Bf6 25. Rh3 Kg7 26. Rh5 Rh8 27. Bxg5 Bxd4+ 28. Qxd4+ f6 29. Rxh8 Rxh8 30. Rb1 Qb4 31. Qd2 Qxd2 32. Bxd2 Nd3 33. Bc3 Nf4 34. Re1 Kf7 35. Re4 Nxg2 36. Kxg2 Rh4 37. Rf4 Rh7 38. Bd4 a6 39. Bb6 Rh8 40. c5 Rc8 41. Rc4 dxc5 42. Rxc5 Rxc5 43. Bxc5 b5 44. a5 b4 45. Bxb4 Bb5 46. Bc5 Be2 47. Kg3 Bd1 48. b4 Bb3 49. b5 axb5 50. d6 exd6 51. Bxd6 Kg7 52. a6 Bd5 53. a7 Kh6 54. Bb4 Bh1 55. Bc3 Kg7 56. g5 Kf7 57. Bxf6 1-0

[Event "ESP-ch U18"]
[Site "Oropesa del Mar"]
[Date "2000.07.03"]
[Round "2"]
[White "Gonzalvo Lara, Victor"]
[Black "Fluvia Poyatos, Joan"]
[Result "0-1"]
[WhiteElo "2068"]
[BlackElo "2403"]
[PlyCount "72"]
[EventDate "2000.07.02"]
[EventType "swiss"]
[EventRounds "7"]
[EventCountry "ESP"]
[SourceTitle "EXT 2001"]
[Source "ChessBase"]
[SourceDate "2000.11.22"]
[SourceVersion "1"]
[SourceVersionDate "2000.11.22"]
[SourceQuality "1"]

1. e4 c5 2. Nf3 Nc6 3. d4 cxd4 4. Nxd4 e6 5. Nc3 Qc7 6. Be3 Nf6 7. Be2 a6 8. Qd2 Bb4 9. f3 Ne5 10. g4 Nexg4 11. Bf4 Ne5 12. Rg1 d6 13. Bg5 Nfd7 14. f4 Nc4 15. Bxc4 Qxc4 16. a3 Bxc3 17. bxc3 Nc5 18. Qe3 e5 19. fxe5 dxe5 20. Rd1 f6 21. Nf5 Bxf5 22. exf5 Kf7 23. h3 fxg5 24. Rg4 Qb5 25. Qxg5 Rhg8 26. Qh5+ Kf8 27. f6 Qc6 28. Qxh7 Qxf6 29. Rd2 Ke7 30. Rf2 Qh6 31. Qf5 Qe6 32. Qg5+ Kd6 33. Rd2+ Kc6 34. Qe3 Rgf8 35. Rxg7 Qf5 36. Rg1 Qe4 0-1

[Event "Aragon-chT"]
[Site "Zaragoza"]
[Date "1999.12.02"]
[Round "5"]
[White "Malo Guillen, Jose Luis"]
[Black "Gonzalvo Lara, Victor"]
[Result "1-0"]
[WhiteElo "2212"]
[BlackElo "2041"]
[PlyCount "57"]
[EventDate "1999.11.??"]
[EventType "team"]
[EventRounds "9"]
[EventCountry "ESP"]
[SourceTitle "CBM 073 Extra"]
[Source "ChessBase"]
[SourceDate "2000.01.11"]
[SourceVersion "1"]
[SourceVersionDate "2000.01.11"]
[SourceQuality "1"]

1. d4 Nf6 2. c4 g6 3. Nc3 Bg7 4. e4 d6 5. f3 0-0 6. Be3 e5 7. d5 c6 8. Bd3 cxd5 9. cxd5 a6 10. a4 Nh5 11. Nge2 f5 12. exf5 gxf5 13. 0-0 Qe8 14. Rc1 Kh8 15. Kh1 Rg8 16. a5 Bf6 17. Na4 e4 18. Nb6 exd3 19. Qxd3 Nd7 20. Nxa8 Qg6 21. Rg1 Ne5 22. Qd2 Bd7 23. Nc7 Bh4 24. Ne6 Bxe6 25. dxe6 Qxe6 26. Nf4 Qh6 27. Nxh5 Qxh5 28. Qxd6 Rd8 29. Rc8 1-0

[Event "Ibercaja op 11th"]
[Site "Zaragoza"]
[Date "1999.??.??"]
[Round "9"]
[White "Capit, Francois"]
[Black "Gonzalvo Lara, Victor"]
[Result "0-1"]
[WhiteElo "2210"]
[BlackElo "2041"]
[PlyCount "94"]
[EventDate "1999.04.??"]
[EventType "swiss"]
[EventRounds "9"]
[EventCountry "ESP"]
[SourceTitle "EXT 2000"]
[Source "ChessBase"]
[SourceDate "1999.11.16"]
[SourceVersion "1"]
[SourceVersionDate "1999.11.16"]
[SourceQuality "1"]

1. d4 Nf6 2. c4 g6 3. Nc3 Bg7 4. e4 d6 5. f4 0-0 6. Nf3 c5 7. d5 e6 8. Be2 exd5 9. cxd5 Re8 10. e5 Ng4 11. h3 Nh6 12. 0-0 Nf5 13. Ne4 dxe5 14. fxe5 Nd4 15. Nd6 Nxe2+ 16. Qxe2 Qxd6 17. exd6 Rxe2 18. Bg5 f6 19. Rae1 Rxe1 20. Rxe1 Bd7 21. Bf4 Bf8 22. g4 g5 23. Bg3 Na6 24. Rc1 Re8 25. Kf1 b6 26. a3 Bb5+ 27. Kg1 Rd8 28. Nd2 Kf7 29. Ne4 Bd3 30. Nc3 Bxd6 31. Bxd6 Rxd6 32. Kf2 Nc7 33. Ke3 c4 34. b3 Nxd5+ 35. Nxd5 Rxd5 36. bxc4 Rd7 37. a4 Bg6 38. c5 bxc5 39. Rxc5 Rd3+ 40. Ke2 Ke6 41. Rc6+ Rd6 42. Rc5 Ra6 43. a5 Kd6 44. Rb5 Kc6 45. Rb8 Rxa5 46. Rf8 f5 47. Rf6+ Kb7 0-1